00679nam a2200229 a 4500001001300000003000900013005001700022008004100039020000900080082001500089100002100104245003700125260003000162300000900192500003500201650003600236700002100272902000800293942000700301952012600308999001500434nice12345678IN_TiNIC20260116012945.0050524s1981 u sa grp 000 0 eng  ac5000a227.6bWIE aWiesbe, Warren W aBe Joyfulb It Beats Being Happy aU S AbVictor Booksc1981 a130p aincludes index and biblioraphy aBible N.T. Epistles Philippians1 aWiesbe, Warren W bSRS cBK 001040708StackRoom-aHMIbHMId2008-09-10g50.00l1o227.6 WIEp010244r2022-08-08s2022-07-29v50.00w2005-05-24yBK c9052d9052